Ottoman tragedy : history and historiography at play

Αποθηκεύτηκε σε:
Λεπτομέρειες βιβλιογραφικής εγγραφής
Κύριος συγγραφέας: Pitenberg, Gabriel 1955-
Μορφή: Βιβλίο
Γλώσσα:English
Δημοσίευση: Berkeley : University of California Press, 2003
Σειρά:Studies on the history of society and culture
Θέματα:
Ετικέτες: Προσθήκη ετικέτας
Δεν υπάρχουν, Καταχωρήστε ετικέτα πρώτοι!

MARC

LEADER 00000nam a2200000 i 4500
001 1/48847
008 040218s2003 eng d
020 |a 0-520-23836-2 
035 |l 10072317 
040 |a GR-MY-UA  |b gre  |e aacr 
041 0 |a eng 
082 0 |a 956.015  |2 (21) 
100 1 |a Pitenberg, Gabriel  |d 1955- 
245 1 0 |a Ottoman tragedy :  |b history and historiography at play /  |c Gabriel Piterberg 
260 |a Berkeley :   |b University of California Press,   |c 2003 
300 |a xv, 260 σ.;  |c 24 εκ. 
490 1 |a Studies on the history of society and culture 
504 |a Περιέχει βιλιογραφία και ευρετήριο 
650 0 0 |a Historiography  |z Turkey. 
651 0 |a Turkey  |x History. 
830 0 |a Studies on the history of society and culture 
852 |a INST  |b LESVOS  |e 20040218  |h 956.015 PIT  |p 005100030871  |q 005100030871  |t BK  |y 0 
901 |a BIBL1-2004-1 
909 |a Λ  |b 109045 
922 |a 1ΕΛΗ  |b 200402  |c ΕΠΕΑΕΚ2/ΤΚΑ  |d ΠΑΠΑΣΩΤΗΡΙΟΥ & ΕΛΕΥΘΕΡΟΥΔΑΚΗΣ 
950 |a 117-2003-12-03 
970 |a ΤΖΑΦΕΡΗ  |b ΕΥΑΓΓΕΛΙΑ  |z 2004/03/05